V Congreso Universidad de Costa Rica: resoluciones /

التفاصيل البيبلوغرافية
مؤلف مشترك: Universidad de Costa Rica. Congreso Universitario (5 : 1989 : San José, Costa Rica)
التنسيق: وقائع المؤتمر كتاب
اللغة:الإسبانية
منشور في: San José, Costa Rica : Oficina de Publicaciones de la Universidad de Costa Rica, 1991
الموضوعات:

MARC

LEADER 00000nam a2200000Ia 4500
008 180918b1991 cr ||||| |||| 00| | spa d
999 |c 2395  |d 2395 
090 |a 19.04.01   |b 573 
111 |9 4239  |a Universidad de Costa Rica. Congreso Universitario (5 : 1989 : San José, Costa Rica) 
245 1 2 |a V Congreso Universidad de Costa Rica: resoluciones /   |c Universidad de Costa Rica 
260 |a San José, Costa Rica :  |b Oficina de Publicaciones de la Universidad de Costa Rica,   |c 1991 
300 |a 43 páginas 
500 |a Universidad de Costa Rica. Congreso Universitario (5 : 1989 : San José, Costa Rica)Ì 
650 1 4 |a CONFERENCIA  |9 506 
942 |i 00460   |h 19.04.01 573  |2 z  |c 01